Lingua
English
Deutsch
Español
Français
Italiano
日本語
Nederlands
Português
Português (Brasil)
中文(简体)
中文(繁體)
Türkçe
עברית
Gaeilge
Cymraeg
Ελληνικά
Català
Euskara
Русский
Čeština
Suomi
Svenska
polski
Dansk
slovenščina
اللغة العربية
বাংলা
Galego
Tiếng Việt
Hrvatski
हिंदी
Հայերէն
Українська
Tutti i Campi
Titolo
Autore
Soggetto
ISBN/ISSN
Tag
Identificatore
Cerca
Avanzata
Т. 300, № 5; Доклады Академии...
Citazione
Invia SMS
Invia email
Stampa
Esporta il record
Esporta a RefWorks
Esporta a EndNoteWeb
Esporta a EndNote
PLink permanente
Esportazione completata correttamente —
Т. 300, № 5; Доклады Академии Наук СССР
Dettagli Bibliografici
Parent link:
Доклады Академии Наук СССР: журнал/ Академия наук СССР (АН СССР). Т. 300, № 5.— , 1933-1992.— 0869-5652
Lingua:
russo
Pubblicazione:
1988
Natura:
Libro
KOHA link:
https://koha.lib.tpu.ru/cgi-bin/koha/opac-detail.pl?biblionumber=413167
Posseduto
Descrizione
Documenti analoghi
MARC21
MARC
LEADER
00000nam2a2200000 4500
001
413167
005
20231101071916.0
035
|a
(RuTPU)RU\TPU\prd\68182
035
|a
RU\TPU\prd\68178
090
|a
413167
100
|a
20090625b19331992k y0rusy50 ca
101
0
|a
rus
102
|a
RU
200
0
|a
Т. 300, № 5
210
|d
1988
461
1
|0
(RuTPU)RU\TPU\prd\750
|x
0869-5652
|t
Доклады Академии Наук СССР
|h
Новая серия
|o
журнал
|f
Академия наук СССР (АН СССР)
|v
Т. 300, № 5
|d
1933-1992
801
0
|a
RU
|b
63413507
|c
20010227
|g
PSBO
801
1
|a
RU
|b
63413507
|c
20090504
|g
PSBO
801
2
|a
RU
|b
63413507
|c
20090625
|g
PSBO
942
|c
BK
999
|a
НТБ_ТПУ
|b
НФ
|e
-1/20010101
|p
П-1873
|u
0,00
|v
1
Documenti analoghi
Т. 300, № 1; Доклады Академии Наук СССР
Pubblicazione: (1988)
Т. 300, № 2; Доклады Академии Наук СССР
Pubblicazione: (1988)
Т. 300, № 3; Доклады Академии Наук СССР
Pubblicazione: (1988)
Т. 300, № 4; Доклады Академии Наук СССР
Pubblicazione: (1988)
Т. 300, № 6; Доклады Академии Наук СССР
Pubblicazione: (1988)